01642nam a2200337 i 4500001001000000003000900010005001700019007000300036008004100039040003000080082002400110100003800134245003700172264003400209300002800243336002700271337003200298338002900330500007100359590002600430650002700456650003100483910003700514942001400551952014800565952013600713952014200849952014800991952014801139999001701287000028441DO-SdBNP20240530073920.0ta110408s2010 dr 001 f spa d aDO-SdBNPbspacBNPHUerda 4aRD863.44bR457r2221 aReyes, Freddy,d1936-9703eautor10aReina Peregrina /cFreddy Reyes. aSanto Domingo bBúhoc2010. a217 páginas ;c24 cm. 2rdacontentatextobtxt 2rdamediaasin mediacióbn 2rdacarrieravolumen bnc aIncluye datos biográficos del autor en la solapa de la cubierta. aInventariado, 2020/DG 0aNovela dominicana9223 0aLiteratura dominicana.967 aValidado. Control de calidad EMS 2ddccLBS1 00102ddc56708DSaBNPHUbBNPHUcHDd2011-04-08l0oBNPHU DS RD863.44 R457rp28441-30r2020-06-25te. 3w2020-06-25yLBS1ZPréstamo en sala 00102ddc51708PDaBNPHUbBNPHUcHDd2011-04-08l0oBNPHU PD RD863.44 R457rp28441-10r2020-06-25w2020-06-25yLBS1ZNo se presta 00102ddc51708PDaBNPHUbBNPHUcHDd2011-04-08l0oBNPHU PD RD863.44 R457rp28441-20r2020-06-25te. 2w2020-06-25yLBS1ZNo se presta 00102ddc56708DSaBNPHUbBNPHUcHDd2017-03-02l0oBNPHU DS RD863.44 R457rp28441-40r2020-06-25te. 4w2020-06-25yLBS1ZPréstamo en sala 00102ddc56708DSaBNPHUbBNPHUcHDd2017-03-02l0oBNPHU DS RD863.44 R457rp28441-50r2020-06-25te. 5w2020-06-25yLBS1ZPréstamo en sala c27933d27933